[Event "Turkey IS Bank Super League 2017"]
[Site "Darica-Kocaeli"]
[Date "2017.08.03"]
[Round "8"]
[White "Buyukasik, Diyap"]
[Black "Kiremitciyan, Ari"]
[Result "1-0"]
[WhiteElo "2285"]
[BlackElo "2240"]
[Annotator "TA"]
[PlyCount "105"]
[EventType "team-tourn"]
[EventCountry "TUR"]

{[%evp 9,105,0,20,0,0,-12,-18,-18,-12,-18,-11,-43,-37,-53,-37,-63,-61,-75,-29,-30,-20,-40,-20,-22,-15,-28,-42,-34,-35,-79,-72,-122,-50,-125,-71,-64,-55,-64,-23,-21,0,-77,-43,-52,-44,-91,-98,-98,-91,-106,-96,-111,-70,-152,-122,-145,19,19,31,44,27,14,34,17,55,-140,-151,-151,-145,-199,28,47,42,30,79,96,91,91,89,88,84,80,29980,29981,29981,29982,29982,29983,29983,29984,29984,29985,29986,29988,29988,29989,29989,29990]} 1. Nf3 d5 2. c4 d4 3. g3 g6 4. Bg2 Bg7 5. d3 e5 6. O-O {A09: Réti Opening: 1 Nf3 d5 2 c4} Nc6 7. Na3 (7. b4 $5) 7... Nge7 8. Nc2 {The position is equal.} a5 9. e3 (9. Rb1 O-O 10. Nd2 b6 11. b3 Bb7 12. a3 Qc8 13. Nf3 Nd8 {1-0 (62) Van Wely,L (2675)-Van Foreest,J (2606) Amsterdam 2017}) 9... dxe3 $146 ({Predecessor:} 9... O-O 10. exd4 exd4 11. Re1 h6 12. b3 {½-½ (54) Troyke,C (2334)-Souleidis,G (2401) Germany 2005}) 10. Nxe3 O-O 11. Re1 h6 12. a3 Be6 13. Rb1 a4 14. b4 axb3 $1 15. Rxb3 b6 16. Bb2 Qd6 17. Qa1 Ra5 18. Rd1 Rd8 19. Rd2 g5 20. h3 f5 (20... Nd4 $17 21. Nxd4 exd4) 21. Bc3 (21. Qe1 $15) 21... Ra4 ({Better is} 21... Nd4 $1 {[%cal Rd4b3]} 22. Bxd4 exd4) 22. Nc2 $17 Bf7 23. Rb5 {[%cal Rf3e5]} Ng6 24. Qd1 Ra7 25. Bf1 (25. d4 $11 {remains equal.} e4 26. Ne5 $1 {[%mdl 512]} Ngxe5 27. dxe5) 25... Qe7 26. Ne3 Be6 27. Qc1 Qxa3 28. Bb2 Qe7 29. Bg2 Qe8 30. Kh2 g4 31. Ne1 (31. hxg4 $15 fxg4 32. Ne1) 31... h5 32. Nd5 Nd4 $2 (32... f4 $1 $17 {...f3 is the strong threat.} 33. hxg4 hxg4 34. gxf4 Nce7) 33. Bxd4 $1 $11 exd4 34. Re2 Qf7 35. Qg5 Re8 36. Qxh5 (36. Rbb2 {seems wilder.} Kf8 37. h4 Kg8 38. Kg1 Ra1 39. Nxc7 Qxc7 40. Qxg6 Qf7 41. Qxf7+ Bxf7 42. Rxe8+ Bxe8 43. Kf1) 36... gxh3 37. Bxh3 $2 (37. Bf3 $1 $14 {stays ahead.}) 37... c6 $1 $17 {[%csl LRb5,LRd5]} 38. Rxb6 cxd5 {[#]} 39. cxd5 (39. Bxf5 $1 $17 {[%mdl 512]} Bxf5 40. Rxe8+ Qxe8 41. Qxf5) 39... Bxd5 $2 (39... Ne5 $19 40. Qxf7+ Bxf7) 40. Rxe8+ $11 Qxe8 41. Qxg6 Bf7 42. Qxf5 {Hoping for Nf3.} Qxe1 43. Rb8+ Be8 44. Bg2 $1 {[%cal Rg2d5] Threatening mate with Bd5+.} Ra6 {[#] White must now prevent ...Rh6+.} 45. Qd5+ $1 ({Don't play} 45. Bd5+ Kh8 $15) 45... Kh8 $2 {[%mdl 8192]} (45... Kf8 $16 46. Qc5+ Kf7 47. Qh5+ Kf8 48. Qc5+ Kf7 49. Qh5+ Kf8 50. Qc5+) 46. Qf7 $1 {White mates.} Re6 {[#]} 47. Rxe8+ $1 {[%mdl 512]} Rxe8 48. Qh5+ Kg8 49. Bd5+ Re6 50. Qf5 ({Not} 50. Qe8+ Kh7 $16) 50... Kh8 51. Bxe6 Qd2 52. Kg2 Qh6 53. Qf7 {Precision: White = 44%, Black = 44%.} 1-0

[Event "Turkey IS Bank Super League 2017"]
[Site "Darica-Kocaeli"]
[Date "2017.08.03"]
[Round "8"]
[White "Tuncer, Tuna"]
[Black "Asadli, Vugar"]
[Result "1/2-1/2"]
[WhiteElo "2274"]
[BlackElo "2457"]
[Annotator "TA"]
[PlyCount "59"]
[EventType "team-tourn"]
[EventCountry "TUR"]

{[%evp 16,59,72,56,84,85,93,90,85,73,85,62,132,90,95,98,106,91,94,104,87,89,125,66,99,93,95,89,104,72,50,15,52,0,60,20,100,105,99,82,108,63,111,0,109,0]} 1. e4 e5 2. Nf3 Nc6 3. d4 exd4 4. Nxd4 Bb4+ 5. c3 Bc5 6. Be3 Bb6 7. Nf5 Bxe3 {C45: Scotch Game} 8. Nxe3 Nge7 9. g3 {LiveBook: 5 Games} b6 $146 {White is slightly better.} ({Predecessor:} 9... d6 10. Bg2 O-O 11. O-O Kh8 12. f4 f5 13. Nd2 Be6 14. exf5 Nxf5 15. Nxf5 Bxf5 {1-0 (31) Vidit,S (2687)-Abdulla,A (2503) Chengdu 2017}) 10. Bg2 Ba6 11. c4 b5 12. cxb5 Bxb5 13. Na3 Ba6 (13... Qb8 $14) 14. Nac4 Rb8 15. O-O d6 16. Re1 O-O 17. Rc1 Bxc4 18. Nxc4 Qc8 19. Rc3 (19. a3 $16) 19... Rd8 20. a3 Ne5 21. b4 Qe6 22. Ne3 c5 23. bxc5 dxc5 24. Qe2 ({Better is} 24. Qa4 $14) 24... Qb6 (24... N7c6 $11 25. Nd5 Nd4) 25. Rec1 Rd4 (25... N7c6 $11 {remains equal.}) 26. f4 $36 {[%mdl 2048] White has strong initiative.} Nd7 27. Nc4 Qa6 28. Qa2 Qe6 29. Qe2 Qa6 $1 30. Qa2 {Precision: White = 54%, Black = 35%.} ({White should try} 30. Qc2 $16) 1/2-1/2

[Event "Turkey IS Bank Super League 2017"]
[Site "Darica-Kocaeli"]
[Date "2017.08.03"]
[Round "8"]
[White "Demircioglu, Emre"]
[Black "Abasov, Nijat"]
[Result "1/2-1/2"]
[WhiteElo "2265"]
[BlackElo "2577"]
[Annotator "TA"]
[PlyCount "99"]
[EventType "team-tourn"]
[EventCountry "TUR"]

{[%evp 24,99,21,26,64,42,71,55,58,59,96,99,110,91,100,100,91,66,93,66,86,65,57,66,63,74,77,66,73,51,95,82,72,75,75,72,73,69,76,0,40,0,50,43,52,67,143,144,157,151,126,130,201,209,208,104,117,117,117,117,117,117,117,89,98,27,27,0,0,0,0,0,0,0,0,0,0,0]} 1. d4 Nf6 2. c4 e6 3. Nf3 d5 4. g3 dxc4 5. Bg2 a6 6. O-O Nc6 7. e3 Bd7 8. Qe2 b5 9. b3 {E04: Open Catalan: 5 Nf3} cxb3 10. axb3 Be7 11. Bb2 O-O 12. Rc1 Nb4 13. Ne5 {LiveBook: 9 Games} Rb8 {[#]} 14. Na3 $146 ({Predecessor:} 14. Nd2 Rb6 15. Ndf3 Bc8 16. Ne1 Nd7 {1-0 (43) Tomashevsky,E (2707)-Zhao,Z (2570) Khanty-Mansiysk 2011}) 14... Rb6 15. Nc2 Nxc2 16. Qxc2 Bd6 17. e4 {[%cal Be3e4,Be4e5][%mdl 32]} Ne8 18. Nxd7 Qxd7 19. e5 Bb4 20. Bc6 {[%mdl 1024] White has strong compensation.} Qd8 21. Qe4 Qe7 22. Rc2 g6 23. Bc1 {[%cal Bb2c1,Bc1f4,Bf4g5][%mdl 32]} Ng7 24. Bf4 Rfb8 25. Rd1 a5 26. h4 h5 27. Kg2 Qf8 28. Rd3 (28. d5 $5 {[%cal Rd5d6]}) 28... Rd8 29. Bg5 Be7 30. Bd2 Bb4 31. Bg5 Be7 32. Bd2 Bb4 33. Bf4 $36 {[%mdl 2048] White is more active.} Nf5 34. d5 {Hoping for dxe6.} exd5 (34... Kh8 $14) 35. Bxd5 $16 Ne7 36. Rxc7 {[#] Threatens to win with Bxf7+!} Nxd5 37. Rxd5 {aiming for Bh6!} Rxd5 (37... Qe8 $16 {was worth a try.} 38. Rxd8 Qxd8) 38. Qxd5 $18 {Qd7 is the strong threat.} Qe8 39. Rxf7 (39. Rd7 $18 Qe6 40. Qa8+ Kg7 41. Rc7) 39... Qxf7 $16 40. Qd8+ Bf8 41. Qxb6 a4 42. bxa4 bxa4 43. e6 Qf5 44. Bg5 (44. Qe3 $16 Be7 45. Qa7 Qd5+ 46. Kg1 Qxe6 47. Qxa4) 44... Bc5 $1 $11 {[#] ( -> ...Qxf2+)} 45. Qd8+ Kh7 {The position is equal.} 46. Qd7+ Kg8 $1 47. Qe8+ Kh7 48. Qd7+ Kg8 $1 49. Qe8+ Kh7 50. Qd7+ {Precision: White = 53%, Black = 79%.} 1/2-1/2

[Event "Turkey IS Bank Super League 2017"]
[Site "Darica-Kocaeli"]
[Date "2017.08.03"]
[Round "8"]
[White "Samani, Yamac"]
[Black "Soysal, Serkan"]
[Result "0-1"]
[WhiteElo "2263"]
[BlackElo "2367"]
[Annotator "RC"]
[PlyCount "106"]
[EventType "team-tourn"]
[EventCountry "TUR"]
[TimeControl "40/5400+30:1800+30"]

1. e4 {[%emt 0:00:30]} e5 {[%emt 0:01:00]} 2. Nf3 {[%emt 0:00:30]} Nc6 {[%emt 0:00:30]} 3. Bb5 {[%emt 0:01:30]} a6 {[%emt 0:00:00]} 4. Ba4 {[%emt 0:00:30]} Nf6 {[%emt 0:00:00]} 5. O-O {[%emt 0:00:30]} b5 {[%emt 0:00:30]} 6. Bb3 {[%emt 0:00:30]} Bb7 {[%emt 0:00:00]} 7. Re1 {[%emt 0:00:30]} Be7 {[%emt 0:00:00]} 8. Nc3 {[%emt 0:02:30]} O-O {[%emt 0:01:30]} 9. d3 {[%emt 0:05:30]} d6 {[%emt 0:05:30]} 10. a3 {[%emt 0:01:30]} Qd7 {[%emt 0:19:30]} 11. Bg5 {[%emt 0:15:30]} Rfe8 {[%emt 0:32:30]} 12. Nd5 {[%emt 0:25:30]} Nxd5 {[%emt 0:01:30]} 13. Bxd5 {[%emt 0:01:30]} Nd8 {[%emt 0:02:30]} 14. Bxb7 {[%emt 0:03:30]} Nxb7 {[%emt 0:00:00]} 15. Bxe7 {[%emt 0:05:30]} Rxe7 {[%emt 0:00:00]} 16. Qd2 {[%emt 0:11:30]} Nc5 {[%emt 0:01:30]} 17. Rad1 {[%emt 0:01:30]} Rae8 {[%emt 0:01:30]} 18. Re3 {[%emt 0:03:15]} g6 {[%emt 0:04:30]} 19. Rde1 {[%emt 0:02:43]} Ne6 {[%emt 0:02:30]} 20. d4 {[%emt 0:01:12]} f6 {[%emt 0:08:01]} 21. d5 {[%emt 0:03:17]} Nc5 {[%emt 0:01:53]} 22. Qe2 {[%emt 0:03:59]} f5 {[%emt 0:02:51]} 23. exf5 {[%emt 0:01:14]} gxf5 {[%emt 0:01:23]} 24. Nd2 {[%emt 0:03:34]} Rg7 {[%emt 0:03:44]} 25. Kh1 {[%emt 0:01:17]} Qf7 {[%emt 0:01:06]} 26. c4 {[%emt 0:02:20]} bxc4 {[%emt 0:02:44]} 27. Qxc4 {[%emt 0:00:07]} Nd7 {[%emt 0:01:46]} 28. Rg3 {[%emt 0:01:45]} Rxg3 {[%emt 0:00:42]} 29. hxg3 {[%emt 0:00:30]} Nb6 {[%emt 0:00:00]} 30. Qxa6 {[%emt 0:00:00]} Qxd5 {[%emt 0:00:05]} 31. Nf3 {[%emt 0:00:02]} Rf8 {[%emt 0:04:38]} 32. Qe2 {[%emt 0:00:17]} f4 {[%emt 0:01:18]} 33. Qe4 {[%emt 0:01:41]} Qxe4 {[%emt 0:00:33]} 34. Rxe4 {[%emt 0:00:04]} fxg3 {[%emt 0:00:00]} 35. fxg3 {[%emt 0:00:59]} h6 {[%emt 0:01:14]} 36. Kg1 {[%emt 0:01:06]} Rb8 {[%emt 0:00:05]} 37. Nh4 {[%emt 0:00:00]} Nd5 {[%emt 0:00:18]} 38. b4 {[%emt 0:00:28]} Ra8 {[%emt 0:00:41]} 39. Nf5 {[%emt 0:00:00]} Rxa3 {[%emt 0:00:00]} 40. Rg4+ {[%emt 0:00:00]} Kf8 {[%emt 0:09:28]} 41. Nxh6 {[%emt 0:06:10]} Rb3 {[%emt 0:01:30]} 42. Rg8+ {[%emt 0:00:30]} Ke7 {[%emt 0:00:30]} 43. g4 {[%emt 0:00:30]} Rb1+ {[%emt 0:01:30]} 44. Kf2 {[%emt 0:05:30]} Rxb4 {[%emt 0:07:08]} 45. g5 {[%emt 0:00:30]} e4 {[%emt 0:04:41]} 46. g6 {[%emt 0:05:45]} e3+ {[%emt 0:00:59]} 47. Ke1 {[%emt 0:05:05]} Rb1+ {[%emt 0:01:12]} 48. Ke2 {[%emt 0:00:30]} Rb2+ {[%emt 0:00:00]} 49. Ke1 {[%emt 0:04:58]} Nc3 {[%emt 0:02:33]} 50. Nf5+ {[%emt 0:01:18]} Kf6 {[%emt 0:00:34]} 51. Nxe3 {[%emt 0:00:47]} Re2+ {[%emt 0:00:35]} 52. Kf1 {[%emt 0:00:30]} Rxe3 {[%emt 0:00:00]} 53. g7 {[%emt 0:00:00]} Nd5 {[%emt 0:00:20]} 0-1

[Event "Turkey IS Bank Super League 2017"]
[Site "Darica-Kocaeli"]
[Date "2017.08.03"]
[Round "8"]
[White "Isgandarova, Khayala"]
[Black "Karavade, Eesha"]
[Result "1/2-1/2"]
[WhiteElo "2257"]
[BlackElo "2397"]
[Annotator "TA"]
[PlyCount "111"]
[EventType "team-tourn"]
[EventCountry "TUR"]

{[%evp 21,111,5,1,5,10,0,0,0,19,11,41,22,61,75,83,67,68,77,125,64,77,72,68,41,89,104,108,20,79,75,71,58,79,66,64,59,133,127,127,97,91,25,26,10,7,0,0,0,0,0,47,0,0,0,0,0,0,0,32,32,32,0,0,0,0,0,0,0,0,0,0,0,0,0,0,0,0,0,0,0,0,0,0,0,0,0,0,0,0,0,0,0]} 1. e4 e5 2. Nf3 Nc6 3. Bb5 g6 4. c3 a6 5. Ba4 d6 6. d4 Bd7 7. O-O Bg7 8. dxe5 Nxe5 9. Nxe5 dxe5 10. Bxd7+ Qxd7 11. Qxd7+ {C76: Ruy Lopez: Deferred Steinitz: 5 c3 Bd7 6 d4 g6} (11. Qb3 Qc6 12. f3 Ne7 13. Be3 O-O 14. Na3 Rad8 15. Rfd1 b6 16. Nc2 a5 17. a4 Rd7 18. Rxd7 Qxd7 {½-½ (45) Stevic,H (2618)-Jovanic,O (2547) Plitvicka Jezera 2013}) 11... Kxd7 {LiveBook: 5 Games} 12. Na3 Ke6 13. Be3 Nf6 14. f3 $1 Nd7 $146 ({Predecessor:} 14... Rhd8 15. Rfd1 Bf8 16. Nc2 Be7 17. Kf2 Rxd1 18. Rxd1 Rd8 19. Rxd8 Bxd8 {½-½ (30) Zurakhov,V-Gufeld,E Kiev 1960}) 15. Nc4 a5 16. a4 Rhd8 17. Rfd1 Bf6 {[#]} 18. Rd5 $1 b6 19. Rad1 Nf8 20. f4 (20. g4 $16) 20... exf4 $1 $14 21. Bxf4 Rac8 22. g4 {And now g5 would win.} g5 23. Bg3 $36 {[%mdl 2048] Black is under strong pressure.} Ng6 24. Rf1 (24. Kg2 $16) 24... Be7 (24... Rxd5 $11 25. exd5+ Kxd5) 25. Rdf5 $16 Rf8 26. Kh1 f6 27. e5 fxe5 28. Nxe5 {[#] Black must now prevent Re1.} ({Much weaker is} 28. Bxe5 Kd5 $11) 28... Bf6 ({Black should try} 28... Nh4 $14 29. Rxf8 Bxf8) 29. Nxg6 hxg6 30. R5f3 Be7 31. Re1+ ({Better is} 31. Re3+ $16 Kd7 32. Rd1+ Bd6 33. Re5) 31... Kd7 $11 32. Rd3+ Bd6 33. Rd5 Kc6 34. Rxg5 Bxg3 35. hxg3 {[%mdl 4096] Endgame KRR-KRR} Rf6 36. Rge5 Rf2 37. R1e2 (37. Re6+ {seems wilder.} Kd7 38. Rxg6 Rh8+ 39. Kg1 Rhh2 40. Rg7+) 37... Rxe2 38. Rxe2 {KR-KR} Kd6 39. Kg2 Rh8 40. Rf2 Ke7 41. Rf4 Rd8 {The position is equal.} 42. Re4+ Kf6 43. Rc4 Rd2+ 44. Kf3 Rxb2 45. Rxc7 Rb1 46. Rb7 Kg5 47. Rd7 Rf1+ 48. Kg2 Rc1 49. Rd6 Rxc3 50. Rxb6 {Hoping for Kh3.} Ra3 51. Rb5+ Kxg4 52. Rxa5 Ra2+ 53. Kf1 Kxg3 54. Rg5+ Kf3 {[%cal Ra2a1]} 55. Ke1 Rxa4 {...Rg4 is the strong threat.} 56. Rxg6 {Precision: White = 56%, Black = 59%.} 1/2-1/2

[Event "Turkey IS Bank Super League 2017"]
[Site "Darica-Kocaeli"]
[Date "2017.08.03"]
[Round "8"]
[White "Avramidou, Anastasia"]
[Black "Arda, Cagil Irmak"]
[Result "1-0"]
[WhiteElo "2247"]
[BlackElo "2080"]
[Annotator "ChessBase"]
[PlyCount "75"]
[EventType "team-tourn"]
[EventCountry "TUR"]
[TimeControl "40/5400+30:1800+30"]

1. d4 {[%emt 0:00:30]} Nf6 {[%emt 0:02:00]} 2. c4 {[%emt 0:00:30]} g6 {[%emt 0:00:00]} 3. Nc3 {[%emt 0:00:30]} Bg7 {[%emt 0:00:00]} 4. Nf3 {[%emt 0:00:00]} d6 {[%emt 0:00:30]} 5. Bf4 {[%emt 0:00:00]} O-O {[%emt 0:00:30]} 6. h3 {[%emt 0:00:30]} Nbd7 {[%emt 0:01:30]} 7. e3 {[%emt 0:00:00]} Re8 {[%emt 0:02:30]} 8. Be2 {[%emt 0:00:00]} b6 {[%emt 0:04:30]} 9. O-O {[%emt 0:00:30]} Bb7 {[%emt 0:00:00]} 10. Qc2 {[%emt 0:03:30]} c5 {[%emt 0:03:00]} 11. d5 {[%emt 0:04:30]} Rf8 {[%emt 0:02:30]} 12. Bh2 {[%emt 0:03:30]} a6 {[%emt 0:00:30]} 13. a4 {[%emt 0:01:30]} Ne8 {[%emt 0:01:30]} 14. e4 {[%emt 0:07:30]} e5 {[%emt 0:07:30]} 15. Ne1 {[%emt 0:27:30]} Bc8 {[%emt 0:08:30]} 16. Nd3 {[%emt 0:01:30]} a5 {[%emt 0:03:30]} 17. f4 {[%emt 0:02:30]} exf4 {[%emt 0:01:30]} 18. Bxf4 {[%emt 0:00:30]} Qe7 {[%emt 0:00:30]} 19. Qb3 {[%emt 0:11:30]} Rb8 {[%emt 0:00:30]} 20. Bg4 {[%emt 0:00:30]} Nef6 {[%emt 0:06:30]} 21. Bf3 {[%emt 0:00:30]} Ne8 {[%emt 0:00:30]} 22. Nb5 {[%emt 0:03:30]} Ne5 {[%emt 0:00:30]} 23. Bxe5 {[%emt 0:04:30]} Bxe5 {[%emt 0:00:30]} 24. Nxe5 {[%emt 0:00:30]} Qxe5 {[%emt 0:00:30]} 25. Na7 {[%emt 0:03:30]} Qg3 {[%emt 0:14:30]} 26. Nc6 {[%emt 0:03:30]} Bxh3 {[%emt 0:03:30]} 27. Rf2 {[%emt 0:00:30]} Rb7 {[%emt 0:09:30]} 28. Nxa5 {[%emt 0:00:37]} Rb8 {[%emt 0:00:30]} 29. Nc6 {[%emt 0:00:43]} Rb7 {[%emt 0:00:00]} 30. a5 {[%emt 0:00:52]} Nf6 {[%emt 0:04:00]} 31. Qc3 {[%emt 0:05:00]} Qg5 {[%emt 0:03:30]} 32. a6 {[%emt 0:00:30]} Rc7 {[%emt 0:00:00]} 33. e5 {[%emt 0:02:55]} dxe5 {[%emt 0:02:00]} 34. Qxe5 {[%emt 0:00:05]} Qxe5 {[%emt 0:00:30]} 35. Nxe5 {[%emt 0:00:05]} Bf5 {[%emt 0:00:30]} 36. d6 {[%emt 0:00:54]} Rcc8 {[%emt 0:00:30]} 37. Nc6 {[%emt 0:03:15]} Kg7 {[%emt 0:01:41]} 38. Ne7 {[%emt 0:00:07]} 1-0

[Event "Turkey IS Bank Super League 2017"]
[Site "Darica-Kocaeli"]
[Date "2017.08.03"]
[Round "8"]
[White "Goksel, Doga Cihan"]
[Black "Esen, Baris"]
[Result "1/2-1/2"]
[WhiteElo "2247"]
[BlackElo "2528"]
[Annotator "TA"]
[PlyCount "75"]
[EventType "team-tourn"]
[EventCountry "TUR"]

{[%evp 19,75,-4,0,0,13,0,0,0,0,-1,-1,-164,-74,-64,-40,-51,0,-89,-39,-29,-53,-135,-141,-146,-157,-198,-218,-208,-206,-191,0,-8,0,0,0,0,0,0,19,-68,-46,-79,-103,-83,-110,-93,-73,-677,-103,-93,-110,-110,-108,-126,-6,-6,-6,-6]} 1. Nf3 Nf6 2. d4 g6 3. c4 Bg7 4. g3 c6 5. Bg2 d5 6. Qb3 O-O 7. O-O Qb6 8. Nc3 Rd8 9. Bf4 {D78: Fianchetto Grünfeld: 6 0-0 c6} dxc4 10. Qxc4 Be6 {LiveBook: 7 Games} 11. Qa4 $146 ({Predecessor:} 11. Qd3 Na6 12. Qc2 c5 13. Na4 Qb5 14. Nxc5 Nxc5 15. dxc5 Rac8 16. Rfd1 Rxd1+ 17. Rxd1 {½-½ (25) Alekseev,E (2700)-Radjabov,T (2740) Astrakhan 2010}) 11... Qxb2 12. Rfc1 Nd5 $1 {[%cal Rd5c3]} 13. Nxd5 Bxd5 14. e3 Nd7 15. Bg5 $2 (15. Rab1 $11 b5 16. Rxb2 bxa4 17. Rbc2) 15... Bf8 (15... f6 $19 {has better winning chances.} 16. Bf4 e5 17. dxe5 fxe5) 16. Bf4 $17 a5 17. Qd1 Qa3 (17... Bg7 $15) 18. Nd2 (18. Qc2 $1 $11 {remains equal.}) 18... Bxg2 19. Nc4 Qb4 20. Rab1 (20. Kxg2 $15 Qb5 21. f3) 20... Bd5 21. Rxb4 axb4 22. Qd2 b5 23. Ne5 Nxe5 ({Resist} 23... Rxa2 24. Qxb4 Nxe5 25. Bxe5 $17) 24. Bxe5 e6 $2 ({Better is} 24... Ra7 $19 {...f6 is the strong threat.} 25. Qe1 f6) 25. e4 $1 $11 {[%cal Re4d5]} Bc4 26. Qg5 {Threatening mate with Qf6.} Bg7 27. Bxg7 Kxg7 28. h4 h6 (28... Rd7 $5 {[%cal Ra8a2]}) 29. Qc5 (29. Qe5+ $11 Kh7 30. Rc2) 29... Rxa2 $15 {White must now prevent ...b3.} 30. Qxb4 Rxd4 31. Re1 Rdd2 32. Qc3+ Kh7 33. Ra1 $2 {[%mdl 8192] [#]} (33. Qf6 $17) 33... Rxf2 $2 (33... b4 $1 $19 {[%cal Rb4c3] and Black stays clearly on top.} 34. Qxc4 Rxa1+ 35. Kg2 Raa2) 34. Rxa2 $17 Rxa2 35. Qf6 {[#]} Ra7 $1 36. Qd4 c5 ({Black should try} 36... Ra3 $17 37. Qf6 e5) 37. Qxc5 $11 Rd7 38. Kf2 {Precision: White = 51%, Black = 15%.} 1/2-1/2

[Event "Turkey IS Bank Super League 2017"]
[Site "Darica-Kocaeli"]
[Date "2017.08.03"]
[Round "8"]
[White "Uzumcu, Ahmet Utku"]
[Black "Sanal, Vahap"]
[Result "1/2-1/2"]
[WhiteElo "2223"]
[BlackElo "2533"]
[Annotator "TA"]
[PlyCount "86"]
[EventType "team-tourn"]
[EventCountry "TUR"]

{[%evp 24,86,54,51,70,16,80,87,82,80,88,72,72,88,79,79,84,67,116,104,129,114,127,122,136,86,91,102,85,73,71,65,73,12,9,0,15,0,0,0,40,35,43,44,43,45,54,12,50,0,8,8,8,8,8,8,8,0,8,2,8,0,0,0,4]} 1. e4 c5 2. Nf3 e6 3. d4 cxd4 4. Nxd4 a6 5. Bd3 Nf6 6. O-O d6 7. Qe2 Nbd7 8. c4 Qc7 9. b3 Be7 10. Bb2 O-O 11. Nc3 b6 12. Rae1 Bb7 13. f4 Rad8 {B42: Sicilian: Kan Variation: 5 Bd3} 14. f5 (14. b4 $14) 14... Nc5 (14... e5 $1 $11 15. Nf3 b5) 15. fxe6 $16 fxe6 {White is better.} 16. Bc2 {b4 is the strong threat.} e5 17. Nf5 g6 18. Nxe7+ Qxe7 {[#]} 19. Bc1 $146 ({Find the theoretical novelty and annotate with similar games:} 19. Nd5 Nxd5 20. exd5 a5 21. a3 b5 22. cxb5 Bxd5 23. Qd2 Qe6 {½-½ (23) Navara,D (2691)-Movsesian,S (2705) Sibenik 2012}) 19... Ne6 20. Be3 Nd4 21. Qd2 Nxc2 22. Qxc2 Nd7 23. Qd2 {Black must now prevent Bg5.} Qe6 24. Rd1 Rxf1+ 25. Rxf1 Nc5 26. Bxc5 bxc5 {[#]} 27. Qg5 $1 {[%cal Rg5d8]} Rd7 28. h4 ({White should play} 28. Nd5 $16 Bxd5 29. exd5 (29. cxd5 Qe8 $14)) 28... Kg7 $1 $11 29. h5 h6 $1 {[%cal Rh6g5]} 30. Qxg6+ (30. Qh4 {is interesting.} Rf7 31. Rxf7+ Kxf7 32. a3 g5 33. Qg3) 30... Qxg6 31. hxg6 Kxg6 {[%mdl 4096] Endgame KRB-KRN} 32. Rf8 Kg7 33. Rb8 Kg6 34. Kf2 h5 35. Ke3 Kf6 36. Ne2 {And now Ng3 would win.} Rg7 {The position is equal.} 37. Kf3 {next Ng3 is good for White.} h4 38. Rd8 Rf7 39. Ke3 Ke6 40. Rg8 Bc6 41. Rh8 Rg7 42. Kf3 Rf7+ 43. Ke3 Rg7 {Precision: White = 52%, Black = 65%.} 1/2-1/2

[Event "Turkey IS Bank Super League 2017"]
[Site "Darica-Kocaeli"]
[Date "2017.08.03"]
[Round "8"]
[White "Kesgin, Halit Kaan"]
[Black "Tasdogen, Dincer"]
[Result "1-0"]
[WhiteElo "2207"]
[BlackElo "2215"]
[Annotator "ChessBase"]
[PlyCount "127"]
[EventType "team-tourn"]
[EventCountry "TUR"]
[TimeControl "40/5400+30:1800+30"]

1. e4 {[%emt 0:00:30]} c5 {[%emt 0:01:00]} 2. Nf3 {[%emt 0:00:30]} Nc6 {[%emt 0:00:30]} 3. Bb5 {[%emt 0:00:30]} e6 {[%emt 0:00:00]} 4. Bxc6 {[%emt 0:00:30]} bxc6 {[%emt 0:00:00]} 5. b3 {[%emt 0:00:00]} d6 {[%emt 0:03:30]} 6. O-O {[%emt 0:02:00]} e5 {[%emt 0:02:30]} 7. Bb2 {[%emt 0:01:30]} Nf6 {[%emt 0:15:30]} 8. Re1 {[%emt 0:00:30]} Bg4 {[%emt 0:11:30]} 9. h3 {[%emt 0:06:30]} Bxf3 {[%emt 0:07:30]} 10. Qxf3 {[%emt 0:00:30]} g6 {[%emt 0:02:30]} 11. c3 {[%emt 0:08:30]} Bg7 {[%emt 0:04:30]} 12. d4 {[%emt 0:00:30]} cxd4 {[%emt 0:09:30]} 13. cxd4 {[%emt 0:00:30]} O-O {[%emt 0:04:30]} 14. Nd2 {[%emt 0:21:30]} Nd7 {[%emt 0:06:30]} 15. dxe5 {[%emt 0:00:30]} Nxe5 {[%emt 0:03:30]} 16. Qe2 {[%emt 0:04:30]} Re8 {[%emt 0:04:30]} 17. Rac1 {[%emt 0:10:30]} Rc8 {[%emt 0:06:01]} 18. f4 {[%emt 0:02:30]} Nd3 {[%emt 0:08:15]} 19. Qxd3 {[%emt 0:00:30]} Bxb2 {[%emt 0:00:27]} 20. Rc2 {[%emt 0:00:00]} Bg7 {[%emt 0:03:06]} 21. Rec1 {[%emt 0:03:00]} Qd7 {[%emt 0:04:09]} 22. Kh2 {[%emt 0:03:30]} Rc7 {[%emt 0:01:28]} 23. Nf3 {[%emt 0:02:30]} Rec8 {[%emt 0:00:19]} 24. Rd1 {[%emt 0:04:30]} d5 {[%emt 0:00:29]} 25. f5 {[%emt 0:10:13]} Qd6+ {[%emt 0:00:41]} 26. Kh1 {[%emt 0:00:07]} Rd8 {[%emt 0:00:26]} 27. exd5 {[%emt 0:00:37]} cxd5 {[%emt 0:00:24]} 28. Qxd5 {[%emt 0:10:06]} Rxc2 {[%emt 0:00:40]} 29. Qxd6 {[%emt 0:00:30]} Rxd6 {[%emt 0:00:30]} 30. Rxd6 {[%emt 0:00:00]} Bh6 {[%emt 0:00:28]} 31. g4 {[%emt 0:00:43]} Bf4 {[%emt 0:00:33]} 32. Rd4 {[%emt 0:00:49]} Be3 {[%emt 0:00:30]} 33. Re4 {[%emt 0:00:46]} Bb6 {[%emt 0:00:30]} 34. f6 {[%emt 0:01:53]} h6 {[%emt 0:00:23]} 35. g5 {[%emt 0:01:37]} Rf2 {[%emt 0:00:52]} 36. Re8+ {[%emt 0:00:04]} Kh7 {[%emt 0:00:00]} 37. Ne5 {[%emt 0:00:06]} hxg5 {[%emt 0:00:42]} 38. Nxf7 {[%emt 0:00:35]} Rxf6 {[%emt 0:00:42]} 39. Nxg5+ {[%emt 0:00:03]} Kg7 {[%emt 0:00:22]} 40. Re2 {[%emt 0:00:00]} Rf1+ {[%emt 0:01:03]} 41. Kh2 {[%emt 0:04:21]} Rf5 {[%emt 0:05:30]} 42. h4 {[%emt 0:03:30]} Bf2 {[%emt 0:14:06]} 43. Kh3 {[%emt 0:01:30]} Kh6 {[%emt 0:01:42]} 44. Re7 {[%emt 0:00:30]} Bxh4 {[%emt 0:00:13]} 45. Kxh4 {[%emt 0:00:00]} Rxg5 {[%emt 0:03:23]} 46. Rxa7 {[%emt 0:00:00]} Rg1 {[%emt 0:01:12]} 47. Ra6 {[%emt 0:03:30]} Rd1 {[%emt 0:02:18]} 48. Rb6 {[%emt 0:00:30]} Rd4+ {[%emt 0:01:31]} 49. Kg3 {[%emt 0:00:30]} Kh5 {[%emt 0:00:33]} 50. a4 {[%emt 0:00:30]} g5 {[%emt 0:00:26]} 51. a5 {[%emt 0:04:30]} Rd3+ {[%emt 0:00:41]} 52. Kf2 {[%emt 0:00:30]} Rd2+ {[%emt 0:01:35]} 53. Ke3 {[%emt 0:09:22]} Ra2 {[%emt 0:00:16]} 54. b4 {[%emt 0:00:37]} Ra3+ {[%emt 0:01:17]} 55. Kd4 {[%emt 0:00:40]} g4 {[%emt 0:00:48]} 56. Rb8 {[%emt 0:00:14]} g3 {[%emt 0:00:52]} 57. Kc5 {[%emt 0:00:36]} Rf3 {[%emt 0:01:22]} 58. Rh8+ {[%emt 0:00:34]} Kg4 {[%emt 0:00:40]} 59. Rg8+ {[%emt 0:00:22]} Kh4 {[%emt 0:00:26]} 60. a6 {[%emt 0:02:25]} Rf5+ {[%emt 0:00:05]} 61. Kc6 {[%emt 0:00:06]} Rf6+ {[%emt 0:01:01]} 62. Kb7 {[%emt 0:00:23]} Rf4 {[%emt 0:00:15]} 63. b5 {[%emt 0:00:41]} Rg4 {[%emt 0:00:14]} 64. Rxg4+ {[%emt 0:00:00]} 1-0